01327nam a22003134a 4500001001100000003000800011006001900019007001500038008004100053010001700094020003600111040002100147035002000168050002500188082002200213100001900235245013400254260006100388300003000449504006400479533015200543600002800695610004500723650005900768655002900827710001700856856012500873999001500998ebr5006908CaPaEBRm u cr cn|||||||||000308s2000 txuab sb 001 0deng  z 00028678  z1574411233 (cloth : alk. paper) aCaPaEBRcCaPaEBR a(OCoLC)5032144814aDS559.5b.E28 2000eb04a959.704/38aB2211 aEdwards, Fred.14aThe bridges of Vietnamh[electronic resource] :bfrom the journals of U.S. Marine intelligence officer /cby Fred L. Edwards, Jr. aDenton, Tex. :bUniversity of North Texas Press,cc2000. axv, 273 p. :bill., maps. aIncludes bibliographical references (p. 260-261) and index. aElectronic reproduction.bPalo Alto, Calif. :cebrary,d2013.nAvailable via World Wide Web.nAccess may be limited to ebrary affiliated libraries.10aEdwards, FredvDiaries.10aUnited States.bMarine CorpsvBiography. 0aVietnam War, 1961-1975vPersonal narratives, American. 7aElectronic books.2local2 aebrary, Inc.40uhttp://site.ebrary.com/lib/rucke/Doc?id=5006908zAn electronic book accessible through the World Wide Web; click to view c6241d6241